[Event "35th Barbera Open A"]
[Site "Barbera del Valles ESP"]
[Date "2012.07.04"]
[Round "1.12"]
[White "Libiszewski,F"]
[Black "Navarro Lopez Menchero,D"]
[Result "0-1"]
[WhiteElo "2505"]
[BlackElo "2230"]

1.Nf3 d5 2.c4 d4 3.g3 Nc6 4.Bg2 e5 5.d3 Bb4+ 6.Nbd2 a5 7.a3 Be7 8.O-O Nf6
9.Ne1 O-O 10.e4 Be6 11.b3 Qc8 12.Qe2 Bh3 13.f4 Bxg2 14.Nxg2 Nd7 15.Nf3 f5
16.exf5 Rxf5 17.Bb2 Bd6 18.Ngh4 Rf8 19.Ng5 Nf6 20.f5 Re8 21.Rae1 Qd7 22.Bc1 e4
23.Nxe4 Nxe4 24.dxe4 d3 25.Qd1 Be5 26.Nf3 Bc3 27.Bd2 Bb2 28.g4 Nd4 29.Qb1 Ne2+
30.Kg2 Bxa3 31.e5 Bb4 32.Rd1 Rad8 33.Qb2 Qc6 34.Bg5 Qe4 35.Kh3 Bc3 36.Qa3 Bxe5
37.Nd2 Qc6 38.Qa4 Qxa4 39.bxa4 Bf6 40.Bxf6 gxf6 41.Rde1 Nc3 42.Rxe8+ Rxe8
43.Rf3 Rd8 44.Rf1 b6 45.Ra1 Re8 46.Ra3 Re3+ 47.Kg2 Nb1  0-1

[Event "86th ch-ARG 2012"]
[Site "La Plata ARG"]
[Date "2012.07.04"]
[Round "1.13"]
[White "Dolezal,C"]
[Black "Roland,M"]
[Result "1-0"]
[WhiteElo "2437"]
[BlackElo "2106"]

1.Nf3 d5 2.c4 e6 3.g3 Nf6 4.Bg2 Bd6 5.O-O O-O 6.b3 Nbd7 7.Bb2 c6 8.d4 Ne4
9.Qc2 f5 10.Ne5 Qc7 11.Nd3 Ndf6 12.c5 Be7 13.Bc1 h6 14.Bf4 Qd8 15.f3 Ng5
16.Ne5 Nd7 17.Ng6 Bf6 18.Be5 Bxe5 19.dxe5 Rf7 20.f4 Ne4 21.Bxe4 fxe4 22.Nd2 Nf8
23.Nxf8 Qxf8 24.b4 Bd7 25.Nb3 Qe7 26.Nd4 a5 27.a3 Qd8 28.e3 g5 29.Qe2 gxf4
30.exf4 b6 31.Qh5 bxc5 32.Nxe6 Bxe6 33.Qg6+ Rg7 34.Qxe6+ Kh7 35.bxc5 Qd7
36.Qxd7 Rxd7 37.e6 Re7 38.f5 Rf8 39.g4 Kg7 40.Kg2 Kf6 41.Kg3 Rb8 42.Kf4 Rb2
43.h4 Rg2 44.Ra2 Rxa2 45.g5+ hxg5+ 46.hxg5+ Kg7 47.f6+ Kf8 48.Ke5 Rg2 49.Kd6 Rxe6+
50.Kxe6 Rxg5 51.Rb1 Kg8 52.Rb8+ Kh7 53.f7 Rg6+ 54.Ke5 Rg5+ 55.Kd4  1-0

[Event "40th TCh-GRE 2012"]
[Site "Achaea GRE"]
[Date "2012.07.05"]
[Round "7.7"]
[White "Brunello,S"]
[Black "Theofilopoulos,A"]
[Result "1-0"]
[WhiteElo "2592"]
[BlackElo "2188"]

1.Nf3 d5 2.c4 e6 3.g3 c6 4.Bg2 Nf6 5.O-O Bd6 6.d4 Nbd7 7.Nc3 Qe7 8.Nd2 Bb4
9.a3 Bxc3 10.bxc3 Nb6 11.a4 Nxc4 12.Nxc4 dxc4 13.Ba3 Qc7 14.Qd2 h6 15.Qa2 e5
16.dxe5 Qxe5 17.Qxc4 Be6 18.Bxc6+ Nd7 19.Qb4 Bh3 20.Qxb7 Rb8 21.Qxa7 Rc8
22.Bxd7+ Bxd7 23.Rfd1 Qc7 24.Qxc7 Rxc7 25.Rab1 f6 26.Rb8+ Bc8 27.Bb4 Kf7
28.f3 Re8 29.Kf2 Re6 30.a5 Ba6 31.e4 Bc4 32.g4 h5 33.gxh5 Re8 34.Rdd8  1-0

[Event "40th TCh-GRE 2012"]
[Site "Achaea GRE"]
[Date "2012.07.05"]
[Round "7.12"]
[White "Delithanasis,D"]
[Black "Moutousis,K"]
[Result "0-1"]
[WhiteElo "2116"]
[BlackElo "2431"]

1.Nf3 d5 2.c4 e6 3.e3 Nf6 4.b3 a6 5.Bb2 c5 6.Na3 Nc6 7.Nc2 Bd6 8.Be2 e5 9.cxd5 Nxd5
10.d3 O-O 11.O-O Re8 12.Qd2 b6 13.Rfd1 Bb7 14.g3 Rc8 15.e4 Nc7 16.Ne3 b5
17.Nf5 Bf8 18.h4 Nd4 19.N3xd4 cxd4 20.b4 Na8 21.a4 Nb6 22.axb5 axb5 23.Ra5 Bc6
24.h5 Na4 25.Bf3 g6 26.hxg6 hxg6 27.Nh4 Bd7 28.Rb1 Nc3 29.Bxc3 dxc3 30.Qc2 Bxb4
31.Ra6 Bf8 32.Bd1 b4 33.Qa2 Be6 34.Bb3 Bxb3 35.Qxb3 Kg7 36.Qc2 Qd7 37.Ra5 Rc5
38.Rba1 Rxa5 39.Rxa5 Qc7 40.Ra1 Rb8 41.Rb1 b3  0-1

[Event "Perla Baltyku Open 2012"]
[Site "Lazy POL"]
[Date "2012.07.05"]
[Round "6.11"]
[White "Szotkowski,J"]
[Black "Szadkowski,Ka"]
[Result "1-0"]
[WhiteElo "2063"]
[BlackElo "2253"]

1.Nf3 d5 2.c4 d4 3.g3 c5 4.b4 f6 5.d3 cxb4 6.Bg2 Nc6 7.a3 e5 8.O-O Bd6 9.Nbd2 bxa3
10.Ne4 Bb4 11.c5 Qc7 12.Qb3 Ke7 13.Bxa3 Be6 14.Qa4 Bxa3 15.Qxa3 Nh6 16.Rab1 Nf7
17.Nfd2 Rhb8 18.Nc4 Bxc4 19.dxc4 a5 20.Rb5 Ra6 21.e3 f5 22.exd4 fxe4 23.d5 Nb4
24.d6+ Nxd6 25.cxd6+ Qxd6 26.Bxe4 Qd4 27.Re1 Rf6 28.Bf3 b6 29.Rbxe5+ Kf7
30.Qb3 Nd3 31.Bd5+ Kf8 32.Qa3+ Nc5 33.R5e3 g6 34.Qc1 g5 35.Qc2 Rg6 36.Rf3+  1-0

[Event "8th RUS-CHN Summit Women Classical"]
[Site "St Petersburg RUS"]
[Date "2012.07.05"]
[Round "4"]
[White "Zhao Xue"]
[Black "Girya,O"]
[Result "1-0"]
[WhiteElo "2556"]
[BlackElo "2414"]

1.Nf3 d5 2.c4 c6 3.e3 Nf6 4.Qc2 Bg4 5.Ne5 Bh5 6.cxd5 Nxd5 7.Nc3 e6 8.d4 Nd7
9.Nxd7 Qxd7 10.Bc4 Bg6 11.Qe2 Nb6 12.Bb3 Be7 13.O-O O-O 14.Rd1 Bf6 15.Bd2 Qc7
16.Rac1 Rad8 17.Be1 Qe7 18.a3 Rfe8 19.g3 h6 20.f4 Rd7 21.Qf3 Red8 22.Ne2 Qe8
23.Bf2 Be7 24.e4 Bf8 25.g4 f6 26.Kg2 Bf7 27.Ng3 e5 28.dxe5 fxe5 29.f5 Be7
30.Rxd7 Rxd7 31.Rd1 Rxd1 32.Qxd1 c5 33.Bxf7+ Qxf7 34.a4 Nc4 35.Qc2 b6 36.Qc3 Bd6
37.Nf1 Na5 38.Qd3 Bf8 39.Ne3 Qa2 40.Qc3 Qxa4 41.Qxe5 Qd7 42.Qc3 Nc6 43.e5 b5
44.Qb3+ Kh7 45.e6 Qd4 46.Qd5 Ne5 47.Qxd4 cxd4 48.Nd5 d3 49.Kf1 Nxg4 50.Bg1 a5
51.e7 Bxe7 52.Nxe7 Ne5 53.Bc5 Nc4 54.Bd4 a4 55.Nd5 a3 56.bxa3 Nxa3 57.Nb4 d2
58.Ke2 Nc4 59.Bc5 Kg8 60.Nd5 Kf7 61.Bb4 g6 62.fxg6+ Kxg6 63.Bxd2 Ne5 64.Bc3 Ng4
65.h3 Kg5 66.Kf3 h5 67.Kg3 Kf5 68.hxg4+ hxg4 69.Nc7 Ke4 70.Nxb5 Kf5 71.Bd2 Ke4
72.Kxg4 Ke5 73.Bf4+ Ke4 74.Nd6+ Kd4 75.Kf5 Kd5 76.Be5 Kc6 77.Ke6 Kb6 78.Kd5 Ka7
79.Kc6 Ka8 80.Nc4 Ka7 81.Nb6 Ka6 82.Bb8 Ka5 83.Bd6 Ka6 84.Nd5 Ka7 85.Bc5+ Ka8
86.Bd4 Kb8 87.Nc7 Kc8 88.Ba7 Kd8 89.Nd5 Ke8 90.Kd6 Kf7 91.Ne7 Kg7 92.Be3 Kf6
93.Bf4 Kf7 94.Bg5 Ke8 95.Ke6 Kd8 96.Bf4 Ke8 97.Bc7 Kf8 98.Nf5 Kg8 99.Bd6 Kh7
100.Kf7 Kh8 101.Kg6  1-0

[Event "5th Int ch-Central Serbia 2012"]
[Site "Paracin SRB"]
[Date "2012.07.06"]
[Round "1.10"]
[White "Bogosavljevic,B"]
[Black "Ratkovic,Milov"]
[Result "1-0"]
[WhiteElo "2520"]
[BlackElo "2214"]

1.Nf3 d5 2.c4 c6 3.g3 Nf6 4.Bg2 dxc4 5.Qc2 g6 6.Qxc4 Bg7 7.O-O O-O 8.Nc3 Na6
9.d4 Be6 10.Qa4 Nd5 11.h3 Qc8 12.Kh2 Rd8 13.Rd1 Nb6 14.Qc2 c5 15.dxc5 Rxd1
16.Qxd1 Nxc5 17.Ng5 h6 18.Nxe6 Nxe6 19.a4 Bxc3 20.bxc3 Qxc3 21.Ra3 Qc5 22.Rd3 Rc8
23.Be3 Qc2 24.Bxb7 Qxd1 25.Rxd1 Rc7 26.Bd5 Nxa4 27.Bxe6 fxe6 28.Bxh6 Nb6
29.Rd8+ Kh7 30.Bf4 Rc8 31.Rd4 Rc4 32.Rd3 a5 33.Re3 Rc6 34.Bg5 a4 35.Ra3 Rc2
36.Bxe7 Rxe2 37.Bc5 Rb2 38.Bxb6 Rxb6 39.Rxa4 Kg7 40.h4 Kf6 41.Rf4+ Kg7 42.Kg2 Rb3
43.Re4 Kf6 44.g4 e5 45.Re3 Rb4 46.Rf3+ Kg7 47.Kg3 Rb1 48.g5 Rg1+ 49.Kh2 Rg4
50.Kh3 Rb4 51.Re3 Rb5 52.Ra3 Rc5 53.Ra7+ Kg8 54.Re7 Kf8 55.Re6 Kf7 56.Rf6+ Kg7
57.Kg3 Rc3+ 58.Rf3 Rc5 59.Re3 Rb5 60.f3 Ra5 61.Re4 Rb5 62.Kg4 Ra5 63.h5 gxh5+
64.Kxh5 Rb5 65.Ra4 Rb7 66.Kg4 Rc7 67.Re4 Rc5 68.Kh5 Rb5 69.Ra4 Rb7 70.Ra6 Rf7
71.Rg6+ Kh7 72.Rf6 Re7 73.Rh6+ Kg7 74.g6 Re8 75.Kg5 Rf8 76.Rh7+ Kg8 77.Rf7 Rb8
78.Re7 Rf8 79.Kh6 Rd8 80.Rxe5 Rf8 81.f4 Rd8 82.f5 Rf8 83.f6 Rd8 84.f7+ Kf8
85.Kh7  1-0

[Event "ch-SWE 2012"]
[Site "Falun SWE"]
[Date "2012.07.07"]
[Round "1"]
[White "Grandelius,N"]
[Black "Blomqvist,E"]
[Result "1-0"]
[WhiteElo "2570"]
[BlackElo "2457"]

1.Nf3 d5 2.c4 c6 3.e3 Nf6 4.Nc3 g6 5.d4 Bg7 6.Be2 O-O 7.O-O Be6 8.b3 Ne4
9.Bb2 Nxc3 10.Bxc3 a5 11.Qd2 h6 12.Ne5 Nd7 13.Nd3 dxc4 14.Nf4 Bf5 15.bxc4 e5
16.dxe5 Nxe5 17.Qb2 Qe7 18.Rfe1 Rfe8 19.Rac1 h5 20.Bd4 h4 21.h3 Qb4 22.Qa1 a4
23.c5 a3 24.Rb1 Qa5 25.Rb3 Re7 26.Rc1 Qd2 27.Rd1 Qa5 28.Nd3 Bxd3 29.Bxd3 Nxd3
30.Rbxd3 Bxd4 31.Qxd4 Rae8 32.Qxh4 Qxc5 33.Qa4 b5 34.Qxa3 Qxa3 35.Rxa3 Re4
36.Rc1 R8e6 37.Ra6 Rb4 38.Rc2 Rb1+ 39.Kh2 Kg7 40.Kg3 Ra1 41.Rb6 Rd6 42.e4 Rd3+
43.f3 Ra3 44.Rcxc6 R3xa2 45.Rc7 Rg1 46.Kf4 Rgxg2 47.Rbb7 Ra3 48.Rxf7+ Kg8
49.Rg7+ Kf8 50.Rgc7 Ra8 51.h4 Rf2 52.Rf7+ Kg8 53.Rg7+ Kf8 54.Rxg6 Ra3 55.Rf6+ Kg8
56.Kg3  1-0

[Event "86th ch-ARG 2012"]
[Site "La Plata ARG"]
[Date "2012.07.07"]
[Round "4.2"]
[White "Dolezal,C"]
[Black "Mareco,S"]
[Result "1/2-1/2"]
[WhiteElo "2437"]
[BlackElo "2586"]

1.Nf3 d5 2.c4 c6 3.e3 Nf6 4.Nc3 e6 5.b3 Bd6 6.Bb2 O-O 7.Be2 Nbd7 8.O-O b6
9.Rc1 Bb7 10.cxd5 exd5 11.Rc2 Re8 12.Qa1 Rc8 13.Rfc1 Bf8 14.Nd1 Ne4 15.d3 Nd6
16.Ne5 Nxe5 17.Bxe5 Qg5 18.Bf4 Qg6 19.d4 Nf5 20.Qb2 c5 21.Bf1 cxd4 22.Rxc8 Bxc8
23.exd4 Qg4 24.Qd2 Bb4 25.Qxb4 Qxf4 26.Ne3 Bd7 27.g3 Qh6 28.Rc7 Nxe3 29.Rxd7 Nxf1
30.Re7 Qxh2+ 31.Kxf1 Qh1+ 32.Ke2 Qh5+ 33.Kf1 Rc8 34.Kg2 h6 35.Qe1 Qg4 36.Re8+ Kh7
37.Rxc8 Qxc8 38.Qe7 Qe6 39.Qxa7 Qe4+ 40.Kg1 Qxd4 41.Qxf7 Qe4 42.a4 d4 43.Qc4 Qe1+
44.Kg2 Qc3  1/2-1/2

[Event "34th Oberwart Open A"]
[Site "Oberwart AUT"]
[Date "2012.07.07"]
[Round "1.9"]
[White "Schreiner,Pe"]
[Black "Frank,Emanuel"]
[Result "1-0"]
[WhiteElo "2427"]
[BlackElo "2053"]

1.Nf3 d5 2.c4 d4 3.b4 f6 4.e3 e5 5.c5 a5 6.Bb5+ c6 7.Bc4 Nh6 8.Bb2 dxe3 9.fxe3 Nf5
10.Qb3 a4 11.Qc2 b6 12.Bd3 g6 13.g4 Ne7 14.g5 Bg4 15.O-O Nd5 16.gxf6 Bxf3
17.Rxf3 Nxb4 18.Bxg6+ hxg6 19.Qxg6+ Kd7 20.Qg4+ Kc7 21.Bxe5+ Kb7 22.Qxb4 Bxc5
23.Qc4 Nd7 24.Bg3 Nxf6 25.d4 Be7 26.Nc3 b5 27.Rb1 Ra5 28.d5 Nxd5 29.Nxd5 Qxd5
30.Qxd5 cxd5 31.Rf7 Re8 32.Bh4 Kc6 33.Rxe7 Rxe7 34.Bxe7 Ra7 35.Rc1+ Kd7 36.Bb4 Ke6
37.a3 Rg7+ 38.Kf2 Rh7 39.Kg3 Rg7+ 40.Kf4 Rh7 41.Rc6+ Kd7 42.Rd6+ Kc7 43.Rxd5 Rxh2
44.Rxb5  1-0

[Event "5th Open d'Ille et Vilaine"]
[Site "Rennes FRA"]
[Date "2012.07.07"]
[Round "1.4"]
[White "Ivanov,Jo"]
[Black "Dupitier,M"]
[Result "1-0"]
[WhiteElo "2367"]
[BlackElo "1841"]

1.Nf3 d5 2.c4 e6 3.d4 Nf6 4.Nc3 Be7 5.cxd5 exd5 6.Bg5 O-O 7.e3 Nbd7 8.Bd3 Re8
9.Qc2 c6 10.h3 Nf8 11.Bf4 Ng6 12.Bh2 Bd6 13.Bxd6 Qxd6 14.O-O-O b5 15.Kb1 a5
16.Rc1 Nd7 17.Bxb5 Ba6 18.Bxa6 Rxa6 19.Na4 Rb8 20.Ne1 Rb4 21.Nd3 Rc4 22.Qb3 Rxc1+
23.Rxc1 Ne7 24.Qb7 c5 25.Ndxc5 Nxc5 26.dxc5  1-0

[Event "ch-NOR 2012"]
[Site "Sandefjord NOR"]
[Date "2012.07.07"]
[Round "1.1"]
[White "Getz,N"]
[Black "Hammer,J"]
[Result "0-1"]
[WhiteElo "2354"]
[BlackElo "2638"]

1.Nf3 d5 2.c4 d4 3.e3 Nc6 4.exd4 Nxd4 5.Nxd4 Qxd4 6.Nc3 c6 7.d3 Nh6 8.Be2 Nf5
9.g4 Nh4 10.Rg1 Qd6 11.Rg3 h5 12.Ne4 Qb4+ 13.Bd2 Qxb2 14.Bc3 Qb6 15.gxh5 Nf5
16.Rg2 Nd4 17.Qd2 Qd8 18.Bd1 e6 19.Rb1 b6 20.Qb2 c5 21.Ng5 Qd7 22.Nf3 Bb7
23.Ne5 Qd6 24.Ba4+ Ke7 25.Rg5 Rd8 26.Bxd4 Qxd4 27.Qxd4 Rxd4 28.Bc6 Bc8 29.Be4 Bd7
30.a4 f5 31.Ng6+ Kf6 32.Rg3 Bd6 33.Nxh8 Bxg3 34.hxg3 fxe4 35.a5 exd3 36.Kd2 bxa5
37.Rb7 Be8 38.Ng6 Bxg6 39.hxg6 Rxc4 40.Kxd3 Rd4+ 41.Ke3 Rd5 42.Rxa7 c4 43.Rc7 a4
44.Ra7 Rd3+ 45.Ke4 a3 46.Ra4 Rb3 47.Kd4 Kxg6 48.Kxc4 Rf3 49.Kd4 Kf5 50.Ra5+ Kg4
51.Ke4 g5 52.Ra6 Rxf2 53.Rxa3 Re2+ 54.Kd4 Kh3  0-1

[Event "46th Ilmar Raua Memorial"]
[Site "Vaksali EST"]
[Date "2012.07.07"]
[Round "2"]
[White "Kanep,M"]
[Black "Ladva,O"]
[Result "1-0"]
[WhiteElo "2521"]
[BlackElo "2153"]

1.Nf3 d5 2.c4 e6 3.g3 Nf6 4.Bg2 dxc4 5.Qa4+ Nbd7 6.Qxc4 c5 7.O-O Be7 8.Nc3 Nb6
9.Qb3 O-O 10.d3 Nbd5 11.Bd2 b6 12.Rfd1 Bb7 13.Rac1 Rc8 14.a3 Qc7 15.Nb1 Qb8
16.e4 Nc7 17.Bf4 Qa8 18.Nbd2 Rfd8 19.Nc4 Bc6 20.Nce5 Be8 21.g4 Nb5 22.h3 Nd4
23.Nxd4 Rxd4 24.Qc2 Ba4 25.b3 Bb5 26.a4 Ba6 27.g5 Ne8 28.Qe2 Rb4 29.Qh5 g6
30.Qf3 Bf8 31.Bd2 Nd6 32.Bxb4 cxb4 33.Nd7 Be7 34.Nf6+ Kg7 35.Qf4 Ne8 36.Nxe8+ Rxe8
37.Rc7 Qb8 38.d4 Be2 39.Rdc1 Qd8 40.d5 exd5 41.exd5 Rf8 42.Qe5+  1-0

[Event "Int Open ch-SVK 2012"]
[Site "Banska Stiavnica SVK"]
[Date "2012.07.08"]
[Round "2.7"]
[White "Peitl,T"]
[Black "Leniart,A"]
[Result "0-1"]
[WhiteElo "2213"]
[BlackElo "2472"]

1.Nf3 d5 2.c4 e6 3.g3 Nf6 4.Bg2 d4 5.O-O c5 6.d3 Nc6 7.Na3 Be7 8.Bd2 O-O
9.Rb1 e5 10.Ne1 Bf5 11.Nac2 a5 12.b3 Qd7 13.a3 e4 14.b4 axb4 15.axb4 cxb4
16.Nxb4 Bxb4 17.Bxb4 Rfe8 18.Qc2 Re5 19.dxe4 Bxe4 20.Nd3 Bxg2 21.Kxg2 Rh5
22.Nf4 Rh6 23.h4 Rxh4 24.gxh4 Qg4+ 25.Kh1 Qxh4+ 26.Kg2 Qg4+ 27.Kh1 Qxf4 28.Qd3 Ne4
29.Be1 Qh4+ 30.Kg2 Qg4+ 31.Kh2 Ne5 32.Qxd4 Qh4+ 33.Kg2 Qg5+ 34.Kh1 Qh5+ 35.Kg2 Qg6+
36.Kh1 Ng4 37.Rd1 Re8 38.Qd7 Qh5+  0-1

[Event "34th Oberwart Open A"]
[Site "Oberwart AUT"]
[Date "2012.07.08"]
[Round "2.18"]
[White "Wallner,J"]
[Black "Higatsberger,M"]
[Result "1-0"]
[WhiteElo "2309"]
[BlackElo "2152"]

1.Nf3 d5 2.c4 c6 3.e3 Nf6 4.Nc3 Bg4 5.cxd5 Bxf3 6.Qxf3 cxd5 7.d4 e6 8.Bd3 Nc6
9.Qg3 Rc8 10.O-O Bd6 11.f4 O-O 12.Qh3 Bb4 13.Bd2 Bxc3 14.Bxc3 Ne4 15.Bxe4 dxe4
16.f5 exf5 17.Qxf5 Ne7 18.Qxe4 Nd5 19.Qd3 Nxc3 20.bxc3 Qa5 21.c4 Rfe8 22.c5 Qc7
23.Rf3 Re6 24.Raf1 g6 25.e4 Re7 26.Rf6 Rd8 27.Qc4 b5 28.Qc3 Rxe4 29.Rxf7 Rd7
30.Rf8+ Kg7 31.d5+ Qe5 32.Qxe5+ Rxe5 33.c6  1-0

[Event "11th La Fere Open"]
[Site "La Fere FRA"]
[Date "2012.07.09"]
[Round "4.6"]
[White "Arnaudov,G"]
[Black "Le Kouaghet,E"]
[Result "1-0"]
[WhiteElo "2486"]
[BlackElo "1920"]

1.Nf3 d5 2.c4 c6 3.g3 Nf6 4.Bg2 Nbd7 5.d4 e6 6.Nbd2 Be7 7.O-O O-O 8.Qc2 c5
9.dxc5 Bxc5 10.a3 Bxf2+ 11.Rxf2 Ng4 12.Rf1 Qb6+ 13.Kh1 Nf2+ 14.Rxf2 Qxf2
15.Nf1 Qc5 16.Ne3 Nf6 17.b4 Qc7 18.Bb2 Ne4 19.Rc1 Rd8 20.Nd4 Nxg3+ 21.hxg3 Qxg3
22.Nf3 d4 23.Nf1 Qf4 24.Qd2 Qf6 25.Ng3 e5 26.Rf1 Bg4 27.Kg1 d3 28.exd3 Bxf3
29.Rxf3 Qe6 30.Qe3 f6 31.Ne4 Rac8  1-0

[Event "34th Oberwart Open A"]
[Site "Oberwart AUT"]
[Date "2012.07.09"]
[Round "3.8"]
[White "Schreiner,Pe"]
[Black "Wallner,J"]
[Result "1-0"]
[WhiteElo "2427"]
[BlackElo "2309"]

1.Nf3 d5 2.c4 c6 3.e3 Nf6 4.Nc3 a6 5.Qc2 g6 6.d4 Bg7 7.Bd3 O-O 8.O-O Bg4
9.Ne5 e6 10.Nxg4 Nxg4 11.Qe2 f5 12.Bd2 Qd6 13.f4 Nd7 14.c5 Qc7 15.b4 Rfb8
16.h3 Ngf6 17.a4 Ne4 18.Nxe4 fxe4 19.Bc2 Qd8 20.Rab1 Kh8 21.Be1 Qe7 22.Bg3 Rg8
23.b5 axb5 24.axb5 Ra3 25.Kh2 g5 26.bxc6 bxc6 27.Rb7 gxf4 28.Rxf4 e5 29.Rg4 exd4
30.exd4 Qe6 31.Qf2 Nf6 32.Rg5 Bh6 33.Rxg8+ Kxg8 34.Rb8+ Kf7 35.Be5 Kg6 36.Bd1 Bg5
37.h4 Bh6 38.Rg8+ Kf7 39.Bg4 Qe7 40.Rc8 Ra7 41.Rxc6  1-0

[Event "ch-NOR 2012"]
[Site "Sandefjord NOR"]
[Date "2012.07.09"]
[Round "3.8"]
[White "Getz,N"]
[Black "Hole,O"]
[Result "1/2-1/2"]
[WhiteElo "2354"]
[BlackElo "2356"]

1.Nf3 d5 2.c4 c6 3.e3 Nf6 4.Nc3 e6 5.b3 Bd6 6.Bb2 O-O 7.Be2 Nbd7 8.Qc2 Qe7
9.O-O a6 10.d4 b6 11.e4 dxe4 12.Nxe4 Nxe4 13.Qxe4 Bb7 14.Bd3 f5 15.Qe2 c5
16.Rfe1 Rae8 17.dxc5 Nxc5 18.Bc2 Ne4 19.Nd4 Bb4 20.f3 Bxe1 21.Rxe1 Qc5 22.fxe4 e5
23.b4 Qxb4 24.Nb3 fxe4 25.a3 Qe7 26.Bxe4 Bxe4 27.Qxe4 Rf4 28.Qe2 Qc7 29.Nd2 Qc5+
30.Qe3 Qxe3+ 31.Rxe3 Rf5 32.g3 Rd8 33.Bc3 h6 34.Kg2 a5 35.Nf3 e4 36.Nd4 Rf7
37.Rxe4 Rc7 38.c5 Rxc5 39.Ne6 Rxc3 40.Nxd8 Rxa3 41.Nc6 Rc3 42.Nd4 a4 43.Re8+ Kf7
44.Rb8 Rc4 45.Rb7+ Kg8 46.Ne6 a3 47.Rxg7+ Kh8 48.Ra7 Rc2+ 49.Kf3 a2 50.h4 b5
51.Nd4 Rb2 52.Ke4 b4 53.Kf5 Rg2 54.Kg6 Rxg3+ 55.Kxh6 Ra3 56.Rxa3 bxa3 57.Nb3 Kg8
58.Kg6 Kh8 59.Na1 Kg8 60.h5  1/2-1/2

[Event "7th Wroclaw Open A"]
[Site "Wroclaw POL"]
[Date "2012.07.09"]
[Round "8.2"]
[White "Arutinian,D"]
[Black "Piorun,K"]
[Result "1/2-1/2"]
[WhiteElo "2556"]
[BlackElo "2489"]

1.Nf3 d5 2.c4 c6 3.g3 Nf6 4.Bg2 Bg4 5.Ne5 Be6 6.cxd5 Bxd5 7.Nf3 c5 8.Nc3 Bc6
9.O-O e6 10.Re1 Bd6 11.e4 e5 12.d3 O-O 13.a4 Re8 14.Nd2 Bf8 15.Nc4 Na6 16.Qe2 Nb4
17.Rd1 h6 18.Be3 Bd7 19.h3 Nc6 20.f4 Nh7 21.Qf2 b6 22.a5 Nxa5 23.Nxa5 bxa5
24.Bxc5 Bxc5 25.Qxc5 Qb6 26.Qf2 Rab8 27.Rd2 f6 28.d4 Bc6 29.Na4 Qb4 30.Nc5 Bb5
31.d5 Rec8 32.Rc2 Nf8 33.Rac1 Re8 34.h4 a4 35.Kh2 Rb6 36.Rc3 Re7 37.R1c2 Re8
38.Bh3 Qd4 39.Qg2 Qb4 40.Bf5 Re7 41.Qh3 g6 42.Bc8 f5 43.Be6+ Nxe6 44.dxe6 Qd4
45.exf5 exf4 46.Qg4 Be8 47.Rd3 Qg7 48.Qxf4 Rxb2 49.Rxb2 Qxb2+ 50.Rd2 Qf6
51.Qxh6 Qxf5 52.Qe3 Bc6 53.Qd3 Qxd3 54.Rxd3  1/2-1/2

[Event "35th Barbera Open A"]
[Site "Barbera del Valles ESP"]
[Date "2012.07.10"]
[Round "7.24"]
[White "Aranaz Murillo,A"]
[Black "Mammadova,G"]
[Result "1/2-1/2"]
[WhiteElo "2248"]
[BlackElo "2341"]

1.Nf3 d5 2.c4 e6 3.g3 Nf6 4.Bg2 c6 5.O-O Be7 6.d4 O-O 7.Qc2 Nbd7 8.Nbd2 b6
9.e4 dxe4 10.Nxe4 Nxe4 11.Qxe4 Bb7 12.Rd1 Nf6 13.Qc2 Qc8 14.c5 Rd8 15.Bf4 Nd5
16.Bg5 f6 17.Bd2 bxc5 18.dxc5 e5 19.Nh4 g5 20.Nf5 Bf8 21.h4 gxh4 22.Nxh4 Qc7
23.Be4 Bc8 24.Kg2 Be6 25.Rh1 Rd7 26.Rh2 Rad8 27.Rah1 Nf4+ 28.Bxf4 exf4 29.Ng6 fxg3
30.Nxf8 Kxf8 31.Rxh7 Bg8 32.Rxd7 Qxd7 33.fxg3 Qd4 34.Rf1 Bxa2 35.Bxc6 Bf7
36.Qf2 Qxf2+ 37.Rxf2 Rc8 38.Be4 Rxc5 39.Rxf6 Kg7 40.Ra6 Rb5 41.Rxa7 Rxb2+
42.Kf3 Kf6 43.Ra6+ Ke5 44.Ra5+ Kf6 45.g4 Rb4 46.g5+ Kg7 47.Ra7 Kg8 48.g6 Bb3
49.Ke3 Rxe4+ 50.Kxe4 Bc2+ 51.Ke5 Bxg6 52.Kf6  1/2-1/2

[Event "ch-MNE 2012"]
[Site "Cetinje MNE"]
[Date "2012.07.10"]
[Round "4.5"]
[White "Pajkovic,V"]
[Black "Ivanovic,B"]
[Result "1/2-1/2"]
[WhiteElo "2421"]
[BlackElo "2420"]

1.Nf3 d5 2.c4 c6 3.d4 Nf6 4.Qc2 e6 5.g3 Be7 6.Bg2 O-O 7.O-O Nbd7 8.Rd1 Ne4
9.Nc3 f5 10.Rb1 a6 11.Ne1 b5 12.cxd5 cxd5 13.Nxe4 fxe4 14.f3 Bb7 15.fxe4 Rc8
16.Qb3 dxe4 17.Qxe6+ Kh8 18.Bf4 Nf6 19.Rbc1 Rxc1 20.Bxc1 Bb4 21.Nc2 Ba5 22.Bf4 Nd5
23.Be5 Nf6 24.Ne3 Re8 25.Qd6 Qxd6 26.Bxd6 Rc8 27.Bh3 Rd8 28.Be7 Re8 29.Bc5 Nd5
30.Nf5 Bc7 31.Nd6 Bxd6 32.Bxd6 Bc8 33.Bg2 Ne3 34.Rc1 Nxg2 35.Kxg2 Be6 36.Rc7 Rc8
37.Re7 Bxa2 38.Be5 Kg8 39.Kf2 Rc2 40.Ke3 Bc4 41.Rxg7+ Kf8 42.Rxh7 Rxe2+ 43.Kf4 e3
44.h4 Re1 45.Bd6+ Kg8 46.Re7 e2 47.Bb4 Rb1 48.Bc3 b4 49.Bxb4 Rxb2 50.Be1 Rb1
51.Ba5  1/2-1/2

[Event "11th La Fere Open"]
[Site "La Fere FRA"]
[Date "2012.07.11"]
[Round "6.15"]
[White "Calonne,P"]
[Black "Le Kouaghet,E"]
[Result "0-1"]
[WhiteElo "1558"]
[BlackElo "1920"]

1.Nf3 d5 2.c4 c6 3.b3 Nf6 4.Bb2 Bf5 5.g3 Qb6 6.cxd5 cxd5 7.Bg2 Nc6 8.O-O d4
9.d3 e5 10.Nbd2 Nd7 11.Rc1 Be7 12.Nc4 Qa6 13.a4 O-O 14.Ba3 f6 15.Bxe7 Nxe7
16.Nfd2 Be6 17.b4 Bd5 18.b5 Qe6 19.e4 dxe3 20.Nxe3 Bxg2 21.Kxg2 Rfc8 22.Qb3 Qxb3
23.Nxb3 Rxc1 24.Rxc1 Rc8 25.Rxc8+ Nxc8 26.a5 Nd6 27.a6 b6 28.Nd5 Nxb5 29.Kf3 Nb8
30.Nb4 Nc7 31.d4 Ncxa6 32.Nxa6 Nxa6 33.dxe5 fxe5 34.Ke4 Nc5+ 35.Nxc5 bxc5
36.Kd5 Kf7 37.f3 Kf6 38.h3 Kf5 39.Kxc5 e4 40.g4+ Kf4 41.fxe4 Kxe4 42.h4 Kf4
43.g5 Kg4 44.h5 Kxg5  0-1

[Event "34th Oberwart Open A"]
[Site "Oberwart AUT"]
[Date "2012.07.11"]
[Round "5.18"]
[White "Platzgummer,F"]
[Black "Pallitsch,C"]
[Result "1-0"]
[WhiteElo "2311"]
[BlackElo "2109"]

1.Nf3 d5 2.c4 c6 3.e3 Nf6 4.Nc3 a6 5.b3 g6 6.Bb2 Bg7 7.h3 O-O 8.Be2 Nbd7
9.d4 b5 10.O-O b4 11.Na4 Ne4 12.a3 a5 13.axb4 axb4 14.cxd5 cxd5 15.Ne5 Nxe5
16.dxe5 Ba6 17.Bxa6 Rxa6 18.Qd4 e6 19.Qxb4 Qb8 20.Qxb8 Rxb8 21.Rfc1 Nd2 22.Nc5 Rxa1
23.Bxa1 Rb5 24.b4 Rxb4 25.Bc3 Nb3 26.Rb1 Rc4 27.Rxb3  1-0

[Event "Int Open ch-SVK 2012"]
[Site "Banska Stiavnica SVK"]
[Date "2012.07.12"]
[Round "6.8"]
[White "Sipos,I"]
[Black "Kochetkova,J"]
[Result "1/2-1/2"]
[WhiteElo "2463"]
[BlackElo "2299"]

1.Nf3 d5 2.c4 c6 3.e3 Nf6 4.Nc3 a6 5.b3 Bg4 6.Qc2 Nbd7 7.d4 e6 8.Bd3 Bd6
9.Bb2 c5 10.cxd5 exd5 11.dxc5 Nxc5 12.Bf5 Bxf3 13.gxf3 Ne6 14.Rd1 O-O 15.Qd3 Qa5
16.O-O Rad8 17.Ne2 d4 18.Bxe6 fxe6 19.Bxd4 Qh5 20.Ng3 Qxf3 21.Bxf6 Qxf6 22.Qe2 Bxg3
23.hxg3 Rxd1 24.Rxd1 h6 25.Rd7 Rf7 26.Rd6 Qf5 27.Rd4 Rc7 28.e4 Qe5 29.Qd3 Kh7
30.Kg2 Rc1 31.Rd8 Ra1 32.a4 Rc1 33.Rd4 Rc7 34.b4 Rc1 35.a5 Rc7 36.f4 Qh5
37.e5+ Qg6 38.Kf3 h5 39.Rd6 Qxd3+ 40.Rxd3 Kg6 41.g4 Rc4 42.Rd6 Rc3+ 43.Ke4 Rc4+
44.Kf3 Rc3+ 45.Ke4 Rc4+  1/2-1/2

[Event "ch-SWE 2012"]
[Site "Falun SWE"]
[Date "2012.07.12"]
[Round "6.2"]
[White "Tikkanen,H"]
[Black "Hector,J"]
[Result "1-0"]
[WhiteElo "2573"]
[BlackElo "2530"]

1.Nf3 d5 2.c4 c6 3.g3 dxc4 4.Bg2 f6 5.Na3 Be6 6.Qc2 b5 7.b3 Bf7 8.bxc4 b4
9.Nb1 e5 10.a3 Nh6 11.O-O Bg6 12.Qa4 bxa3 13.Nh4 Bh5 14.Nc3 Kf7 15.c5 g5
16.Qb3+ Ke8 17.Ne4 Nd7 18.Qe6+ Be7 19.d4 Bg4 20.Nd6+ Kf8 21.Nhf5 Bxf5 22.Nxf5 Nxf5
23.Qxf5 Qc7 24.Bxg5 exd4 25.Bh6+ Ke8 26.Bg7 Kf7 27.Bxh8 Rxh8 28.Rfc1 Ne5
29.Rxa3 Kg7 30.f4 Ng6 31.Rca1  1-0

[Event "86th ch-ARG 2012"]
[Site "La Plata ARG"]
[Date "2012.07.12"]
[Round "11.2"]
[White "Mareco,S"]
[Black "Felgaer,R"]
[Result "1-0"]
[WhiteElo "2586"]
[BlackElo "2580"]

1.Nf3 d5 2.c4 d4 3.g3 Nc6 4.Bg2 e5 5.d3 Nf6 6.O-O Nd7 7.e4 Be7 8.Ne1 h5 9.Na3 h4
10.Nac2 a5 11.Rb1 Nc5 12.b3 hxg3 13.fxg3 Be6 14.Bd2 Bg5 15.a3 b6 16.Nf3 Bf6
17.Qe2 g5 18.b4 Nd7 19.b5 Na7 20.h3 Qe7 21.g4 Rd8 22.Rf2 Rg8 23.Nh2 Qf8 24.Nf1 Be7
25.Ng3 Bxa3 26.Nf5 Rg6 27.Rbf1 Bc5 28.h4 gxh4 29.Bh3 Be7 30.Kh2 Nc5 31.Ne1 Qh8
32.Nf3 Nc8 33.g5 Nd6 34.Rg2 Nb3 35.Be1 Kd7 36.Rg4  1-0

[Event "2nd Polugaevsky Mem"]
[Site "Samara RUS"]
[Date "2012.07.12"]
[Round "8.35"]
[White "Afanasiev,D2"]
[Black "Maslova,Polina"]
[Result "1-0"]
[WhiteElo "2068"]
[BlackElo "1824"]

1.Nf3 d5 2.c4 c6 3.g3 Bg4 4.Ne5 Bh5 5.d4 e6 6.Nc3 Bd6 7.Bf4 Nf6 8.Qb3 Qc8
9.Bg2 O-O 10.O-O dxc4 11.Qxc4 Be7 12.e4 Nbd7 13.Rac1 Rd8 14.Qb3 Nxe5 15.dxe5 Nd7
16.h3 Nc5 17.Qc2 Nd3 18.Nd5 Rxd5 19.exd5 Nxc1 20.dxc6 Ne2+ 21.Qxe2 Bxe2 22.cxb7 Qxb7
23.Bxb7 Rb8 24.Re1 Bh5 25.Be4 Rxb2 26.Rc1 g5 27.Be3 Rxa2 28.Rc7 Kf8 29.Bxa7 h6
30.g4 Bg6 31.Bxg6 fxg6 32.Kg2 Ra5 33.Bb8 Rc5 34.Rb7 Rd5 35.Kf3 Rd3+ 36.Ke4 Rd5
37.Bd6 Bxd6 38.exd6 Rxd6 39.Ke5 Ra6 40.Rd7 Kg8 41.Re7 Kf8 42.Rxe6 Ra7 43.Rxg6 Rh7
44.Ra6 Re7+ 45.Re6 Rh7 46.Kf5 Kf7 47.Ra6  1-0

[Event "Turkish Bank Chess League 2012"]
[Site "Konya TUR"]
[Date "2012.07.13"]
[Round "3"]
[White "Guramishvili,S"]
[Black "Sop,S"]
[Result "1-0"]
[WhiteElo "2400"]
[BlackElo "2000"]

1.Nf3 d5 2.c4 c6 3.e3 Nf6 4.Qc2 g6 5.b3 Bg7 6.Bb2 O-O 7.Be2 Bg4 8.h3 Bf5
9.d3 Nbd7 10.Nbd2 Rc8 11.Rd1 Qc7 12.O-O Rfe8 13.e4 dxe4 14.dxe4 Nxe4 15.Bxg7 Ng3
16.Bd3 Bxd3 17.Qxd3 Nc5 18.Qe3 Nxf1 19.Nxf1 Kxg7 20.Qxc5 b6 21.Qe3 Rcd8 22.Re1 Rd6
23.Ng3 Qd8 24.Kh2 Rd3 25.Qe4 c5 26.Qg4 Qc7 27.Ne5 Rc3 28.Nf5+ Kf8 29.Qf4 Rc8
30.Qh6+ Ke8 31.Ng7+ Kd8 32.Ne6+  1-0